000 00746nam a22002417a 4500
003 UA-OsUOA
001 35465
007 ta
008 20051201b un ||||| |||| 00| 0 ukr d
100 _aЛеонтьева Г.А.
090 _a930.272
_bЛ47
942 _cBK
040 _aUA-OsUOA
_brus
_cUA-OsUOA
_dUA-OsUOA
245 _aПалеография, хронология, археография, геральдика
_bУчеб. пособие для студ. высш. учеб. заведений
300 _a200 с.
955 _a2
041 _arus
080 _a930.272
020 _a5-691-00498-0
260 _aМ.
_bВладос
_c2000
650 7 _a930.27 Епіграфіка. Палеографія
_2UDC
999 _c321829
_d321829